<?xml version="1.0" encoding="UTF-8"?>
<record
    xmlns:xsi="http://www.w3.org/2001/XMLSchema-instance"
    xsi:schemaLocation="http://www.loc.gov/MARC21/slim http://www.loc.gov/standards/marcxml/schema/MARC21slim.xsd"
    xmlns="http://www.loc.gov/MARC21/slim">

  <leader>01526nam0a22003251  4500</leader>
  <controlfield tag="001">RU\INFOCOMM_322\NLR\5000248672</controlfield>
  <controlfield tag="005">20250614080146.0</controlfield>
  <datafield tag="035" ind1=" " ind2=" ">
    <subfield code="a">(NLR Aleph) 010594914</subfield>
  </datafield>
  <datafield tag="090" ind1=" " ind2=" ">
    <subfield code="a">10516438</subfield>
    <subfield code="c">10516438</subfield>
  </datafield>
  <datafield tag="100" ind1=" " ind2=" ">
    <subfield code="a">20130320d1938    |||y0rusy50      ca</subfield>
  </datafield>
  <datafield tag="101" ind1="0" ind2=" ">
    <subfield code="a">ger</subfield>
  </datafield>
  <datafield tag="102" ind1=" " ind2=" ">
    <subfield code="a">RU</subfield>
  </datafield>
  <datafield tag="105" ind1=" " ind2=" ">
    <subfield code="a">y   z||||    </subfield>
  </datafield>
  <datafield tag="200" ind1="1" ind2=" ">
    <subfield code="a">&#x88;Die &#x89;r&#xF6;ntgenologischen Schwangerschaftsaufnahmen an der K&#xF6;nigsberger Universit&#xE4;ts-Frauenklinik in den Jahren 1932-1937 unter besonderer Ber&#xFC;cksichtigung der Darstellung des Foetus mortuus</subfield>
    <subfield code="e">Inaug.-Diss. zur Erlangung des Doktorgrades an der ... Univ. zu K&#xF6;nigsberg (Pr)</subfield>
    <subfield code="f">vorgelegt von Wolfgang Pieper ...</subfield>
    <subfield code="g">Aus der Univ. Frauenklinik zu K&#xF6;nigsberg (Pr)</subfield>
  </datafield>
  <datafield tag="210" ind1=" " ind2=" ">
    <subfield code="a">K&#xF6;nigsberg (Pr.)</subfield>
    <subfield code="d">1938</subfield>
  </datafield>
  <datafield tag="215" ind1=" " ind2=" ">
    <subfield code="a">27 &#x441;., 1 &#x43B;. &#x442;&#x430;&#x431;&#x43B;.</subfield>
    <subfield code="c">&#x442;&#x430;&#x431;&#x43B;.</subfield>
    <subfield code="d">20 &#x441;&#x43C;</subfield>
  </datafield>
  <datafield tag="316" ind1=" " ind2=" ">
    <subfield code="a">&#x41F;&#x440;&#x438;&#x43F;&#x43B;&#x435;&#x442;&#x435;&#x43D;&#x43E; &#x43A;: Mehring, W. &#xDC;ber Alkoholhalluzinosen. K&#xF6;nigsberg Pr., 1938</subfield>
  </datafield>
  <datafield tag="320" ind1=" " ind2=" ">
    <subfield code="a">&#x411;&#x438;&#x431;&#x43B;&#x438;&#x43E;&#x433;&#x440;.: &#x441;. 25-26</subfield>
  </datafield>
  <datafield tag="482" ind1=" " ind2="0">
    <subfield code="1">2001#$a&#xDC;ber Alkoholhalluzinosen</subfield>
    <subfield code="1">210##$aK&#xF6;nigsberg Pr.$d1938</subfield>
    <subfield code="1">700#1$aMehring$bW.$4070</subfield>
    <subfield code="t">&#xDC;ber Alkoholhalluzinosen</subfield>
    <subfield code="a">Mehring, W.</subfield>
  </datafield>
  <datafield tag="606" ind1="0" ind2=" ">
    <subfield code="a">&#x411;&#x435;&#x440;&#x435;&#x43C;&#x435;&#x43D;&#x43D;&#x43E;&#x441;&#x442;&#x44C;</subfield>
    <subfield code="x">&#x420;&#x435;&#x43D;&#x442;&#x433;&#x435;&#x43D;&#x43E;&#x434;&#x438;&#x430;&#x433;&#x43D;&#x43E;&#x441;&#x442;&#x438;&#x43A;&#x430;</subfield>
    <subfield code="2">nlr_sh1</subfield>
  </datafield>
  <datafield tag="606" ind1="0" ind2=" ">
    <subfield code="a">&#x41C;&#x435;&#x440;&#x442;&#x432;&#x43E;&#x440;&#x43E;&#x436;&#x434;&#x430;&#x435;&#x43C;&#x43E;&#x441;&#x442;&#x44C;</subfield>
    <subfield code="2">nlr_sh1</subfield>
  </datafield>
  <datafield tag="620" ind1=" " ind2=" ">
    <subfield code="a">&#x41A;&#x430;&#x43B;&#x438;&#x43D;&#x438;&#x43D;&#x433;&#x440;&#x430;&#x434;</subfield>
  </datafield>
  <datafield tag="686" ind1=" " ind2=" ">
    <subfield code="a">&#x41C;&#x435;17-10</subfield>
    <subfield code="2">rubbk</subfield>
  </datafield>
  <datafield tag="686" ind1=" " ind2=" ">
    <subfield code="a">&#x41C;&#x435;17-45</subfield>
    <subfield code="2">rubbk</subfield>
  </datafield>
  <datafield tag="700" ind1=" " ind2="1">
    <subfield code="a">Pieper</subfield>
    <subfield code="b">W.</subfield>
    <subfield code="f">1913-</subfield>
    <subfield code="g">Wolfgang</subfield>
  </datafield>
  <datafield tag="801" ind1=" " ind2="1">
    <subfield code="a">RU</subfield>
    <subfield code="b">Infocomm</subfield>
    <subfield code="c">20130320</subfield>
  </datafield>
  <datafield tag="801" ind1=" " ind2="0">
    <subfield code="a">RU</subfield>
    <subfield code="b">INFOCOMM</subfield>
    <subfield code="g">PSBO</subfield>
  </datafield>
  <datafield tag="852" ind1=" " ind2=" ">
    <subfield code="a">NLR</subfield>
    <subfield code="j">&#x41C;&#x434;51 &#x412;-5/19 &#x410;&#x43B;&#x43B;&#x438;&#x433;.15</subfield>
  </datafield>
  <datafield tag="942" ind1=" " ind2=" ">
    <subfield code="c">BOOK</subfield>
  </datafield>
  <datafield tag="980" ind1=" " ind2=" ">
    <subfield code="a">NB</subfield>
  </datafield>
</record>
